<?xml version="1.0" encoding="UTF-8"?>
<record
    xmlns:xsi="http://www.w3.org/2001/XMLSchema-instance"
    xsi:schemaLocation="http://www.loc.gov/MARC21/slim http://www.loc.gov/standards/marcxml/schema/MARC21slim.xsd"
    xmlns="http://www.loc.gov/MARC21/slim">

  <leader>00779nam a22002537a 4500</leader>
  <controlfield tag="005">20170123162302.0</controlfield>
  <datafield tag="010" ind1=" " ind2=" ">
    <subfield code="a">B-209243</subfield>
  </datafield>
  <datafield tag="020" ind1=" " ind2=" ">
    <subfield code="a">8189461141</subfield>
    <subfield code="c">75.00</subfield>
  </datafield>
  <datafield tag="035" ind1=" " ind2=" ">
    <subfield code="a">B-209243</subfield>
  </datafield>
  <datafield tag="037" ind1=" " ind2=" ">
    <subfield code="b">Cen Lib/Ret</subfield>
  </datafield>
  <datafield tag="040" ind1=" " ind2=" ">
    <subfield code="a">DPL</subfield>
    <subfield code="b">UR</subfield>
  </datafield>
  <datafield tag="082" ind1=" " ind2=" ">
    <subfield code="a">841</subfield>
    <subfield code="b">&#x648; &#x627; &#x644; </subfield>
  </datafield>
  <datafield tag="100" ind1=" " ind2=" ">
    <subfield code="a">&#x648;&#x627;&#x644;&#x6CC; &#x627;&#x633;&#x6CC; </subfield>
    <subfield code="9">661</subfield>
  </datafield>
  <datafield tag="245" ind1=" " ind2=" ">
    <subfield code="a">&#x645;&#x648;&#x645; /</subfield>
    <subfield code="c">&#x648;&#x627;&#x644;&#x6CC; &#x627;&#x633;&#x6CC; </subfield>
  </datafield>
  <datafield tag="246" ind1=" " ind2=" ">
    <subfield code="a">Mom</subfield>
    <subfield code="b">by Waali Aasi </subfield>
  </datafield>
  <datafield tag="260" ind1=" " ind2=" ">
    <subfield code="a"> &#x62F;&#x6CC;&#x644;&#x6BE;&#x6CC;</subfield>
    <subfield code="b">&#x6A9;&#x62A;&#x627;&#x628;&#x6CC; &#x62F;&#x646;&#x6CC;&#x627; </subfield>
    <subfield code="c">2006</subfield>
  </datafield>
  <datafield tag="270" ind1=" " ind2=" ">
    <subfield code="a"> &#x6AF;&#x644;&#x6CC; &#x646;&#x648;&#x627;&#x628; &#x645;&#x631;&#x632;&#x627;&#x60C; &#x645;&#x648;&#x6C1;&#x644;&#x644;&#x6C1; &#x642;&#x628;&#x631;&#x633;&#x62A;&#x627;&#x646;</subfield>
    <subfield code="b"> &#x62F;&#x6CC;&#x644;&#x6BE;&#x6CC;</subfield>
    <subfield code="e">110006</subfield>
  </datafield>
  <datafield tag="300" ind1=" " ind2=" ">
    <subfield code="a">167p</subfield>
    <subfield code="c">21cm(Hb)</subfield>
  </datafield>
  <datafield tag="650" ind1=" " ind2=" ">
    <subfield code="a">Urdu Literature </subfield>
    <subfield code="9">140078</subfield>
  </datafield>
  <datafield tag="650" ind1=" " ind2=" ">
    <subfield code="a">Urdu Poetry </subfield>
    <subfield code="9">140079</subfield>
  </datafield>
  <datafield tag="650" ind1=" " ind2=" ">
    <subfield code="a">&#x627;&#x631;&#x62F;&#x648; &#x644;&#x679;&#x631;&#x6CC;&#x686;&#x631;</subfield>
    <subfield code="9">140080</subfield>
  </datafield>
  <datafield tag="650" ind1=" " ind2=" ">
    <subfield code="a">&#x627;&#x631;&#x62F;&#x648; &#x67E;&#x648;&#x679;&#x631;&#x6D2;</subfield>
    <subfield code="9">140081</subfield>
  </datafield>
  <datafield tag="942" ind1=" " ind2=" ">
    <subfield code="2">ddc</subfield>
    <subfield code="c">UR</subfield>
    <subfield code="h">841</subfield>
    <subfield code="m">&#x648; &#x627; &#x644; </subfield>
  </datafield>
  <datafield tag="999" ind1=" " ind2=" ">
    <subfield code="c">106074</subfield>
    <subfield code="d">106074</subfield>
  </datafield>
  <datafield tag="952" ind1=" " ind2=" ">
    <subfield code="0">0</subfield>
    <subfield code="1">0</subfield>
    <subfield code="4">0</subfield>
    <subfield code="7">0</subfield>
    <subfield code="a">L</subfield>
    <subfield code="b">L</subfield>
    <subfield code="d">2015-06-20</subfield>
    <subfield code="e">Cen Lib/Ret</subfield>
    <subfield code="g">75.00</subfield>
    <subfield code="l">0</subfield>
    <subfield code="o">841 &#x648; &#x627; &#x644;</subfield>
    <subfield code="p">B-209243</subfield>
    <subfield code="r">2015-06-20 00:00:00</subfield>
    <subfield code="t">1</subfield>
    <subfield code="v">75.00</subfield>
    <subfield code="w">2015-06-20</subfield>
    <subfield code="y">UR</subfield>
  </datafield>
</record>
